000
00311nam a22001457a 4500
008
230515b ||||| |||| 00| 0 eng d
020
_a
76156344
041
_a
eng
080
_a
781
082
_a
781SCH
100
_a
21
101
_a
MUZIK
245
_a
PLAYING THE HARPSICHORD
_c
SCHOTT.H
942
_2
udc
_c
BK
999
_c
59709
_d
59709